00279nam a2200133Ia 45000030006000000080041000060400015000471000018000622450017000802500010000972600009001075460012001160050017001280STCL150530s9999 xx 000 0 und d aSTCLcSTCL aMaugham, W.S. aVagrant mood aFirst c1952 aEnglish20220125170844.0